000 00761nam a22002177a 4500
008 161010b xxu||||| |||| 00| 0 eng d
020 _a9781559341738
020 _a1559341734
050 _aGV 343.5 .R35 1993
100 _aRailey,Jim H.
245 _aManaging physical education, fitness and sports programs/
_cJim H. Railey and Peggy Railey Tschauner
250 _a2nd ed.
260 _aLondon :
_bMayfield Publishing Company,
_cc1993
300 _ax, 340p. :
_bill. ;
500 _aIncludes index.
650 _aPhysical education and training
_xAdmistration
650 _aRecreation leadership
650 _aSports
_xOrganisation and admistration
700 _aTschauner, Peggy Railey
942 _2lcc
_cBOOKS
_hGV 343.5 .R35 1993
999 _c14867
_d14867